000 00309nam a2200121Ia 4500
008 220204s9999 xx 000 0 und d
082 _a008 (100)
_bBER
100 _aBERRY, Leonard
245 0 _aPeople places and change
260 _aNew York
_bHolt Rinehart
_c1976
700 _aFORD, Richard B
942 _cBK
999 _c25411
_d25411